000 00739nam a22001457a 4500
005 20120214102513.0
020 _a9788173159404
_c40.00
100 _aगुप्ता, राजेश
_941849
245 _aतेनालीराम की सवारी /
_cराजेश गुप्ता
260 _aनई दिल्ली
_bप्रभात प्रकाशन
_c2011
270 _a4/19, आसफ अली रोड
_bनई दिल्ली
_e110002
300 _a16पृ.
_bसचित्र
_c28सेमी (अजिल्द)
942 _2ddc
_cCH
_h
_mगुप्तारा
999 _c62682
_d62682